000
00254nam a22001097a 4500
041
_a
ENG
245
_a
Safety Of Household And Similar Electrical Appliances
260
_a
New Delhi
_b
BIS
_c
1994
300
_a
09
650
_a
BIS Code
856
_u
BIS Code
999
_c
2080
_d
2080